<?xml version="1.0" encoding="UTF-8"?>
<collection xmlns="http://www.loc.gov/MARC21/slim">
  <record>
    <leader>00000nam  2200000   4500</leader>
    <controlfield tag="001">INLIS000000000020219</controlfield>
    <controlfield tag="005">20250527094523</controlfield>
    <datafield tag="035" ind1="#" ind2="#">
      <subfield code="a">0010-0525000302</subfield>
    </datafield>
    <controlfield tag="007">ta</controlfield>
    <controlfield tag="008">250527################|##########|#|##</controlfield>
    <datafield tag="084" ind1="#" ind2="#">
      <subfield code="a">R 0128 PKN II 2024</subfield>
    </datafield>
    <datafield tag="100" ind1=" " ind2="#">
      <subfield code="a">Wawan Setiawan</subfield>
    </datafield>
    <datafield tag="245" ind1="1" ind2="#">
      <subfield code="a">Transformasi Kelembagaan SDM Dan Prasarana Dirjend Anggaran Dalam Rangka Peningkatan Kualitas Layanan /</subfield>
      <subfield code="c">Wawan Setiawan</subfield>
    </datafield>
    <datafield tag="250" ind1="#" ind2="#">
      <subfield code="a">1</subfield>
    </datafield>
    <datafield tag="260" ind1="#" ind2="#">
      <subfield code="a">Jakarta :</subfield>
      <subfield code="b">Pusbangkom Pimnas,</subfield>
      <subfield code="c">2024</subfield>
    </datafield>
    <datafield tag="300" ind1="#" ind2="#">
      <subfield code="a">220 :</subfield>
      <subfield code="b">ilus ;</subfield>
      <subfield code="c">29 x 21 x 1,5</subfield>
    </datafield>
    <datafield tag="650" ind1="#" ind2="4">
      <subfield code="a">Kelembagaan</subfield>
    </datafield>
    <datafield tag="520" ind1="#" ind2="#">
      <subfield code="a">Proyek Perubahan ini bertujuan untuk melakukan transformasi kelembagaan, sumber&#13;
daya manusia, dan prasarana guna meningkatkan kualitas layanan. Proyek ini muncul dari&#13;
kebutuhan untuk merespons tantangan birokrasi yang kompleks, tingkat resistensi yang tinggi&#13;
terhadap perubahan, kurangnya profesionalisme, dan rendahnya kinerja pegawai. Sejalan&#13;
dengan visi Kementerian Keuangan untuk mewujudkan perekonomian yang produktif,&#13;
kompetitif, inklusif, dan berkeadilan, proyek ini juga mendukung kebijakan pemerintah dalam&#13;
menyederhanakan birokrasi. Tujuan utama proyek ini adalah untuk menciptakan struktur&#13;
oranganisasi yang lebih dinamis dan responsif melalui delayering, meningkatkan&#13;
profesionalisme pegawai melalui fungsionalisasi, serta menyediakan prasarana kerja yang&#13;
modern dan mendukung produktivitas.&#13;
Proyek ini diharapkan dapat bermanfaat meningkatkan efisiensi dan efektivitas&#13;
operasional, meningkatkan kepuasan dan profesionalitas pegawai, serta meningkatkan&#13;
responsivitas dan kualitas layanan kepada stakeholders dan masyarakat. Manfaat lain termasuk&#13;
pengurangan birokrasi yang berlebihan, peningkatan keterlibatan pegawai, dan penyediaan&#13;
lingkungan kerja yang lebih kolaboratif dan inovatif.</subfield>
    </datafield>
    <datafield tag="856" ind1="#" ind2="#">
      <subfield code="a">Perpustakaan Pusat LAN</subfield>
    </datafield>
    <datafield tag="990" ind1="#" ind2="#">
      <subfield code="a">2024/1.2,2/A/0128</subfield>
    </datafield>
  </record>
</collection>
